000 00255nam a2200097Ia 4500
001 1211438
005 20250827024436.0
008 250824s9999 xx 000 0 und d
245 0 _aUZUN BEYAZ BULUT GELİBOLU B3
_cBUKET UZUNER
260 _bEVEREST YAYINLARI
999 _c1211438
_d1211438